000 00507nam a22001817a 4500
005 20220727112154.0
008 220726b ||||| |||| 00| 0 eng d
040 _cAL
041 _aEnglish
082 _223
_a306.09
_bBHAP
100 _aS R Bhat
_953498
245 _aProblem of Hindu Muslim Conflicts
260 _aBangalore
_bNavakarnataka Publications private Limited
_c1990
300 _aiv,56 p.
_bPB
_c22x14 cm.
650 _aHindu Muslim
_953499
700 _aBHAT (S R)
_953500
942 _2ddc
_cGF
999 _c224214
_d224214